Modern Economic Theory (Record no. 294817)

MARC details
000 -LEADER
fixed length control field 00689nam a2200277 4500
003 - CONTROL NUMBER IDENTIFIER
control field OSt
005 - DATE AND TIME OF LATEST TRANSACTION
control field 20250801111218.0
008 - FIXED-LENGTH DATA ELEMENTS--GENERAL INFORMATION
fixed length control field 240301b |||||||| |||| 00| 0 eng d
020 ## - INTERNATIONAL STANDARD BOOK NUMBER
International Standard Book Number 9788121924634
082 ## - DEWEY DECIMAL CLASSIFICATION NUMBER
Classification number 330
100 ## - MAIN ENTRY--PERSONAL NAME
Personal name Dewett,K K
245 ## - TITLE STATEMENT
Title Modern Economic Theory
250 ## - EDITION STATEMENT
Edition statement 1st ed.
Remainder of edition statement Revised Edition
260 ## - PUBLICATION, DISTRIBUTION, ETC. (IMPRINT)
Place of publication, distribution, etc. New Delhi;
Name of publisher, distributor, etc. S Chand and Company Limited,
Date of publication, distribution, etc. 1946.
300 ## - PHYSICAL DESCRIPTION
Extent XXI,1000p.
650 ## - SUBJECT ADDED ENTRY--TOPICAL TERM
Topical term or geographic name as entry element Economic Systems
650 ## - SUBJECT ADDED ENTRY--TOPICAL TERM
Topical term or geographic name as entry element International Economics
650 ## - SUBJECT ADDED ENTRY--TOPICAL TERM
Topical term or geographic name as entry element Money And Banking
650 ## - SUBJECT ADDED ENTRY--TOPICAL TERM
Topical term or geographic name as entry element Price Theory
650 ## - SUBJECT ADDED ENTRY--TOPICAL TERM
Topical term or geographic name as entry element Public Finance
650 ## - SUBJECT ADDED ENTRY--TOPICAL TERM
Topical term or geographic name as entry element Theory of Income
942 ## - ADDED ENTRY ELEMENTS (KOHA)
Koha item type Books (General)
942 ## - ADDED ENTRY ELEMENTS (KOHA)
Source of classification or shelving scheme Dewey Decimal Classification
942 ## - ADDED ENTRY ELEMENTS (KOHA)
Source of classification or shelving scheme Dewey Decimal Classification
942 ## - ADDED ENTRY ELEMENTS (KOHA)
Source of classification or shelving scheme Dewey Decimal Classification
Suppress in OPAC 0
Holdings
Withdrawn status Lost status Source of classification or shelving scheme Damaged status Not for loan Home library Current library Date acquired Total Checkouts Full call number Barcode Date last seen Price effective from Koha item type Date checked out
    Dewey Decimal Classification     College of Agriculture, Wayanad College of Agriculture, Wayanad 01/03/2024   330 CHA/MO KAU_COAW-001784 01/03/2024 01/03/2024 Books (General)  
    Dewey Decimal Classification     College of Agriculture, Wayanad College of Agriculture, Wayanad 01/03/2024 1 330 CHA/MO KAU_COAW-002362 19/05/2025 01/03/2024 Books (General) 12/05/2025
    Dewey Decimal Classification     College of Agriculture, Wayanad College of Agriculture, Wayanad 13/03/2024   330 CHA/MO KAU_COAW-002050 13/03/2024 13/03/2024 Books (General)  
    Dewey Decimal Classification     College of Agriculture, Wayanad College of Agriculture, Wayanad 29/04/2025   330 CHA/MO KAU_COAW-002363 29/04/2025 29/04/2025 Books (General)  
Kerala Agricultural University Central Library
Thrissur-(Dt.), Kerala Pin:- 680656, India
Ph : (+91)(487) 2372219
E-mail: librarian@kau.in
Website: http://library.kau.in/